|
|
|
|
| LEADER |
00000nab a2200000 4500 |
| 001 |
vtls012275499 |
| 003 |
SK-MaSNL |
| 005 |
20260318114430.0 |
| 008 |
250422|2018 xo br|p || ||00 c0ukr |
| 015 |
|
|
|a SNBRB2025/04
|
| 038 |
|
|
|a SVKPOCL
|
| 040 |
|
|
|a SVKPOCL
|b slo
|c SVKPOCL
|e rda
|
| 041 |
0 |
|
|a ukr
|
| 043 |
|
|
|a e-xo---
|
| 044 |
|
|
|a xo
|c SK
|
| 072 |
|
7 |
|a 39
|x Etnológia. Etnografia. Folklór
|2 konspekt
|
| 072 |
|
7 |
|a 392
|x Zvyky, mravy, obyčaje v súkromnom živote
|2 konspekt
|
| 080 |
|
|
|a 398.3(=161.25)(437.6)
|2 2011
|
| 080 |
|
|
|a 908(437.671)
|2 2011
|
| 080 |
|
|
|a 2-167.62
|2 2011
|
| 080 |
|
|
|a (=161.2)
|2 2011
|
| 080 |
|
|
|a (=161.25)
|2 2011
|
| 080 |
|
|
|a 398.41
|2 2011
|
| 080 |
|
|
|a 398.3
|2 2011
|
| 080 |
|
|
|a (437.671)
|2 2011
|
| 080 |
|
|
|a (437.6)
|2 2011
|
| 100 |
1 |
|
|a Mušinka, Mikuláš,
|d 1936-2024
|4 aut
|9 99915
|
| 245 |
1 |
0 |
|a Perša monohrafija pro demonolohiju Ukrajinciv Slovaččyny
|c Mykola Mušynka
|
| 300 |
|
|
|b Fotografie
|
| 336 |
|
|
|a text
|b txt
|2 rdacontent
|
| 337 |
|
|
|a bez média
|b n
|2 rdamedia
|
| 338 |
|
|
|a zväzok
|b nc
|2 rdacarrier
|
| 500 |
|
|
|a V rubrike Recenziji
|
| 600 |
1 |
7 |
|a Varcholová, Nadežda,
|d 1950-
|t Ľudová démonológia Ukrajincov Slovenska
|2 svkpocl
|9 1624934
|
| 630 |
0 |
7 |
|a Ľudová démonológia Ukrajincov Slovenska
|g (monografia)
|2 svkpocl
|9 1624935
|
| 650 |
0 |
7 |
|a etnografický výskum
|2 SNKPH
|9 4239
|
| 650 |
0 |
7 |
|a recenzie
|2 SNKPH
|9 78749
|
| 650 |
0 |
7 |
|a tradície
|2 SNKPH
|9 15975
|
| 650 |
0 |
7 |
|a etnografia
|2 SNKPH
|9 950
|
| 650 |
0 |
7 |
|a ľudové tradície
|2 SNKPH
|9 4960
|
| 650 |
0 |
7 |
|a démoni (etnografia)
|2 SNKPH
|9 1200472
|
| 650 |
0 |
7 |
|a čarodejníctvo
|2 SNKPH
|9 3756
|
| 650 |
0 |
7 |
|a zvyky a obyčaje
|2 SNKPH
|9 4086
|
| 650 |
0 |
7 |
|a etnológia
|2 SNKPH
|9 715
|
| 650 |
0 |
7 |
|a ľudová slovesnosť
|2 SNKPH
|9 67005
|
| 650 |
0 |
7 |
|a démonológia
|2 SNKPH
|9 76421
|
| 650 |
0 |
7 |
|a zlí duchovia
|2 SNKPH
|9 68015
|
| 650 |
0 |
7 |
|a povery
|2 SNKPH
|9 51369
|
| 650 |
0 |
7 |
|a mytológia
|2 SNKPH
|9 18133
|
| 650 |
0 |
7 |
|a ľudová mágia
|2 SNKPH
|9 78847
|
| 650 |
0 |
7 |
|a ľudové zvyky
|2 SNKPH
|9 66558
|
| 650 |
0 |
7 |
|a Ukrajinci
|2 SNKPH
|9 19025
|
| 650 |
0 |
7 |
|a Rusíni
|2 SNKPH
|9 4087
|
| 650 |
0 |
7 |
|a démoni
|2 SNKPH
|9 2000
|
| 651 |
|
7 |
|a Slovensko
|2 SNKPHgeo
|9 14231
|
| 773 |
0 |
|
|t Duklja
|g Rik vydannja 66, № 4 (2018), s. 75-77
|x 04197-8131
|
| 787 |
0 |
8 |
|i Recenzia:
|a Varcholová, Nadežda, 1950-
|t Narodna demonolohija Ukrajinciv Slovaččyny = Ľudová démonológia Ukrajincov Slovenska
|d Svidník : Tlačiareň svidnícka, 2017
|z 9788089755363
|w vtls011736834
|
| 852 |
|
|
|a SVKPO
|b KIS3GCP
|
| 958 |
|
|
|a SS
|
| 958 |
|
|
|a RN
|
| 958 |
|
|
|a SK
|
| 958 |
|
|
|a NT
|
| 958 |
|
|
|a UK
|
| 958 |
|
|
|a RC
|
| 958 |
|
|
|a NM
|
| 999 |
|
|
|c 3351968
|d 3353898
|